Women and world development: (Record no. 1197)

MARC details
000 -LEADER
fixed length control field 009720000a22002650004500
003 - CONTROL NUMBER IDENTIFIER
control field LK-CoMWRAF
008 - FIXED-LENGTH DATA ELEMENTS--GENERAL INFORMATION
fixed length control field 230817t1975 ||||| |||| 00| 0 eng d
020 ## - INTERNATIONAL STANDARD BOOK NUMBER
International Standard Book Number 0275565203
040 ## - CATALOGING SOURCE
Original cataloging agency LK-CoMWRAF
Modifying agency LK-CoMWRAF
Description conventions LK-CoMWRAF
041 ## - LANGUAGE CODE
Language code of text/sound track or separate title English
082 ## - DEWEY DECIMAL CLASSIFICATION NUMBER
Classification number 301.412
Item number AME
942 ## - ADDED ENTRY ELEMENTS (KOHA)
Koha item type Conference Proceeding
111 ## - MAIN ENTRY--MEETING NAME
Meeting name or jurisdiction name as entry element AMERICAN ASSOCIATION FOR THE ADVANCEMENT OF SCIENCE SEMINAR ON 'WOMEN AND DEVELOPMENT'
Location of meeting ( Mexico City, Mexico
Date of meeting 1975)
700 ## - ADDED ENTRY--PERSONAL NAME
Personal name Tinker, Irene
relator term editor
700 ## - ADDED ENTRY--PERSONAL NAME
Personal name Bo Bramsen, Michèle
relator term editor
700 ## - ADDED ENTRY--PERSONAL NAME
Personal name Buvinić, Mayra
relator term editor
245 ## - TITLE STATEMENT
Title Women and world development:
Remainder of title with an annotated bibliography
260 ## - PUBLICATION, DISTRIBUTION, ETC. (IMPRINT)
Place of publication, distribution, etc. New York:
Name of publisher, distributor, etc. Praeger,
Date of publication, distribution, etc. 1976
300 ## - PHYSICAL DESCRIPTION
Extent vii, 382 p. ; 25 cm.
Other physical details Bibliography included
490 ## - SERIES STATEMENT
Series statement Praeger special studies in international economics and development
856 ## - ELECTRONIC LOCATION AND ACCESS
Uniform Resource Identifier <a href="https://pdf.usaid.gov/pdf_docs/PNAAX651.pdf">https://pdf.usaid.gov/pdf_docs/PNAAX651.pdf</a>
650 ## - SUBJECT ADDED ENTRY--TOPICAL TERM
Topical term or geographic name as entry element Women--Congresses
650 ## - SUBJECT ADDED ENTRY--TOPICAL TERM
Topical term or geographic name as entry element Women--Bibliography
650 ## - SUBJECT ADDED ENTRY--TOPICAL TERM
Topical term or geographic name as entry element Women--Employment--Developing countries
Holdings
Withdrawn status Lost status Damaged status Not for loan Permanent Location Current Location Date acquired Full call number Barcode Koha item type
        Resource center, Muslim Women's Research And Action Forum Resource center, Muslim Women's Research And Action Forum 2023-08-17 301.412 AME RAF3141 Conference Proceeding

Copyright © 2023 Muslim Women's Research and Action Forum (MWRAF), No 27/3, Anderson Road, Kalubowila, Dehiwela. Funded by The Asia Fundation